[Event "Trois-Riveres op"]
[Site "Trois-Rivieres CAN"]
[Date "2017.03.19"]
[Round "5.12"]
[White "Fortier, Marc-Andre"]
[Black "Saha, Ananda"]
[Result "1-0"]
[WhiteElo "2102"]
[BlackElo "2121"]
[WhiteFideId "-1"]
[WhiteFideId "-1"]
[PlyCount "51"]
[GameId "2160767908478160"]
[EventDate "2017.03.17"]
[EventType "swiss"]
[EventRounds "5"]
[EventCountry "CAN"]
[SourceTitle "EXT 2022"]
[Source "ChessBase"]
[SourceDate "2021.10.06"]
[SourceVersion "1"]
[SourceVersionDate "2021.10.06"]
[SourceQuality "1"]

1. e4 c5 2. Nc3 e6 3. g3 d6 4. Bg2 Nc6 5. d3 g6 6. Be3 Bg7 7. Qd2 Nge7 8. Bh6 O-O 9. h4 f5 10. h5 Rf7 11. hxg6 hxg6 12. Bxg7 Rxg7 13. Qh6 Kf8 14. O-O-O Ng8 15. Qd2 Ke8 16. Nge2 Qf6 17. exf5 gxf5 18. Nf4 Rf7 19. Rdf1 Kd8 20. Nb5 d5 21. c4 d4 22. Bxc6 bxc6 23. Qa5+ Ke7 24. Nc7 Kf8 25. Qxc5+ Ne7 26. Nxa8 1-0

[Event "Trois-Riveres op"]
[Site "Trois-Rivieres CAN"]
[Date "2017.03.19"]
[Round "5.14"]
[White "Qiao, Cindy"]
[Black "Lessard, Claude"]
[Result "0-1"]
[WhiteElo "1886"]
[BlackElo "2162"]
[WhiteFideId "-1"]
[WhiteFideId "-1"]
[PlyCount "114"]
[GameId "2160767908478162"]
[EventDate "2017.03.17"]
[EventType "swiss"]
[EventRounds "5"]
[EventCountry "CAN"]
[SourceTitle "EXT 2022"]
[Source "ChessBase"]
[SourceDate "2021.10.06"]
[SourceVersion "1"]
[SourceVersionDate "2021.10.06"]
[SourceQuality "1"]

1. e4 c6 2. d4 d5 3. Nc3 dxe4 4. Nxe4 Nf6 5. Ng3 h5 6. h4 e5 7. Be3 Be6 8. Nf3 Nbd7 9. c3 Bd6 10. Bg5 exd4 11. Ne4 Be7 12. Qxd4 Qb6 13. Nxf6+ gxf6 14. Qxb6 axb6 15. Bf4 Rxa2 16. Rxa2 Bxa2 17. Bd3 Nc5 18. Bf5 Ne6 19. Bg3 Bd5 20. Ke2 Bc4+ 21. Kd2 O-O 22. Kc2 Ng7 23. Bd3 Bxd3+ 24. Kxd3 Rd8+ 25. Kc2 Ne6 26. Ra1 Rd7 27. Nd2 b5 28. f3 Kg7 29. Re1 Kg6 30. Nb3 f5 31. Nc1 Bf6 32. Nd3 Rd8 33. Ra1 Kh6 34. Ra7 Rg8 35. Bf4+ Nxf4 36. Nxf4 Be5 37. Nd3 Rxg2+ 38. Kb3 Bg3 39. Rxb7 Rd2 40. Nc5 Kg6 41. Rb6 Bxh4 42. Rxc6+ Bf6 43. Ra6 h4 44. Ra1 h3 45. Rh1 h2 46. Nd7 Be7 47. Ne5+ Kh5 48. f4 Rf2 49. Nf3 Rxf3 50. Rxh2+ Kg4 51. Rh7 Rxf4 52. Rxf7 Re4 53. Rg7+ Bg5 54. Rb7 f4 55. Rxb5 f3 56. Ra5 f2 57. Ra8 Re1 0-1

[Event "Varennes int."]
[Site "Varennes CAN"]
[Date "2017.10.06"]
[Round "1"]
[White "Ouellet, Maili-Jade"]
[Black "Lenderman, Aleksandr"]
[Result "0-1"]
[WhiteElo "2084"]
[BlackElo "2591"]
[WhiteFideId "-1"]
[WhiteFideId "-1"]
[PlyCount "68"]
[GameId "2160767908325974"]
[EventDate "2017.10.06"]
[EventType "swiss"]
[EventRounds "5"]
[EventCountry "CAN"]
[SourceTitle "CBM 181 Extra"]
[Source "ChessBase"]
[SourceDate "2017.12.12"]
[SourceVersion "1"]
[SourceVersionDate "2017.12.12"]
[SourceQuality "1"]

1. d4 e6 2. c4 b6 3. Nc3 Bb7 4. e4 Bb4 5. Qc2 Qh4 6. Bd3 Bxc3+ 7. bxc3 f5 8. g3 Qh5 9. f3 Ne7 10. Qg2 fxe4 11. Bxe4 Bxe4 12. fxe4 O-O 13. Ne2 Nbc6 14. Nf4 Qa5 15. Bd2 e5 16. Nd5 Qa4 17. Qe2 exd4 18. Nxe7+ Nxe7 19. cxd4 Rae8 20. Bc3 d5 21. cxd5 Nxd5 22. Rc1 Rxe4 23. Qxe4 Re8 24. Qxe8+ Qxe8+ 25. Kd1 Qe4 26. Re1 Ne3+ 27. Ke2 Ng2+ 28. Kd2 Nxe1 29. Rxe1 Qd5 30. Re2 Qxa2+ 31. Ke1 Qc4 32. Bb2 a5 33. Kd1 a4 34. Re3 b5 0-1

[Event "Varennes int."]
[Site "Varennes CAN"]
[Date "2017.10.06"]
[Round "1"]
[White "Vera Gonzalez Quevedo, Reynaldo"]
[Black "Durette, Francis"]
[Result "1-0"]
[WhiteElo "2446"]
[BlackElo "2032"]
[WhiteFideId "-1"]
[WhiteFideId "-1"]
[PlyCount "65"]
[GameId "2160767908325977"]
[EventDate "2017.10.06"]
[EventType "swiss"]
[EventRounds "5"]
[EventCountry "CAN"]
[SourceTitle "CBM 181 Extra"]
[Source "ChessBase"]
[SourceDate "2017.12.12"]
[SourceVersion "1"]
[SourceVersionDate "2017.12.12"]
[SourceQuality "1"]

1. d4 Nf6 2. Nf3 g6 3. c4 Bg7 4. Nc3 d6 5. e4 O-O 6. Be2 e5 7. O-O exd4 8. Nxd4 Re8 9. f3 Nc6 10. Be3 Nh5 11. Qd2 f5 12. Rfd1 Nf4 13. Bf1 Ne6 14. Nxe6 Bxe6 15. exf5 Bxf5 16. Nd5 Qd7 17. Rac1 Ne7 18. Bd4 Nxd5 19. cxd5 Qf7 20. Bxg7 Qxg7 21. Qc3 Qh6 22. Re1 Rac8 23. Bb5 Rxe1+ 24. Rxe1 a6 25. Ba4 Qh4 26. Bb3 Kf7 27. Re6 Qg5 28. g4 Bxe6 29. dxe6+ Kg8 30. e7+ d5 31. h4 Qf4 32. Bxd5+ Qf7 33. Qb3 1-0

[Event "Varennes int."]
[Site "Varennes CAN"]
[Date "2017.10.06"]
[Round "1"]
[White "Zhang, Jikai"]
[Black "Perez Garcia, Rodney Oscar"]
[Result "0-1"]
[WhiteElo "1960"]
[BlackElo "2315"]
[WhiteFideId "-1"]
[WhiteFideId "-1"]
[PlyCount "24"]
[GameId "2160767908325978"]
[EventDate "2017.10.06"]
[EventType "swiss"]
[EventRounds "5"]
[EventCountry "CAN"]
[SourceTitle "CBM 181 Extra"]
[Source "ChessBase"]
[SourceDate "2017.12.12"]
[SourceVersion "1"]
[SourceVersionDate "2017.12.12"]
[SourceQuality "1"]

1. e4 g6 2. d4 Bg7 3. c3 d5 4. exd5 Nf6 5. Bb5+ Nbd7 6. c4 O-O 7. Nf3 Nb6 8. Nbd2 a6 9. Ba4 Nxa4 10. Qxa4 b5 11. cxb5 Nxd5 12. bxa6 Rxa6 0-1

[Event "Varennes int."]
[Site "Varennes CAN"]
[Date "2017.10.06"]
[Round "1.1"]
[White "Bruzon Batista, Lazaro"]
[Black "Libersan, Thierry"]
[Result "1-0"]
[WhiteElo "2660"]
[BlackElo "2086"]
[WhiteFideId "-1"]
[WhiteFideId "-1"]
[PlyCount "61"]
[GameId "2160767908325979"]
[EventDate "2017.10.06"]
[EventType "swiss"]
[EventRounds "5"]
[EventCountry "CAN"]
[SourceTitle "hb 2017"]

1. e4 c5 2. Nf3 e6 3. d4 cxd4 4. Nxd4 a6 5. Bd3 b5 6. O-O Bb7 7. a4 b4 8. Re1 Nf6 9. e5 Nd5 10. Nd2 Qc7 11. Nc4 Nc6 12. Nf5 O-O-O 13. Nfd6+ Kb8 14. Nxf7 Bc5 15. Nxh8 Rxh8 16. Qh5 Rf8 17. Rf1 g6 18. Qg5 Bd4 19. Qh6 Bc5 20. Nd6 Bxd6 21. exd6 Qxd6 22. Qxh7 Ne5 23. Be2 Rc8 24. Bd1 b3 25. cxb3 Nd3 26. Bf3 Qe5 27. Qxg6 N5f4 28. Bxf4 Nxf4 29. Qg3 Bxf3 30. Qxf3 Ne2+ 31. Kh1 1-0

[Event "Varennes int."]
[Site "Varennes CAN"]
[Date "2017.10.06"]
[Round "1.3"]
[White "Sambuev, Bator"]
[Black "Bassel, Charaf"]
[Result "1-0"]
[WhiteElo "2535"]
[BlackElo "2083"]
[WhiteFideId "-1"]
[WhiteFideId "-1"]
[PlyCount "71"]
[GameId "2160767908325980"]
[EventDate "2017.10.06"]
[EventType "swiss"]
[EventRounds "5"]
[EventCountry "CAN"]

1. Nf3 Nf6 2. c4 c6 3. d4 d5 4. e3 Bg4 5. cxd5 Bxf3 6. Qxf3 cxd5 7. Nc3 e6 8. Bd3 Bb4 9. O-O Nc6 10. Bd2 O-O 11. Qh3 e5 12. dxe5 Nxe5 13. Bc2 g6 14. a3 Ba5 15. b4 Nc4 16. Be1 Bb6 17. Bb3 Rc8 18. Rd1 Nb2 19. Rxd5 Nxd5 20. Nxd5 Nc4 21. Qxc8 Qxc8 22. Ne7+ Kg7 23. Bc3+ f6 24. Nxc8 Rxc8 25. Rc1 Ne5 26. Kf1 a5 27. Ke2 axb4 28. axb4 Ra8 29. Bd5 Ra7 30. Ra1 Rxa1 31. Bxa1 Nc6 32. Bc3 Nd8 33. f4 Bc7 34. g4 Bd6 35. g5 Be7 36. b5 1-0

[Event "Varennes int."]
[Site "Varennes CAN"]
[Date "2017.10.06"]
[Round "1.4"]
[White "Drolet, Stephane"]
[Black "Ortiz Suarez, Isan Reynaldo"]
[Result "1/2-1/2"]
[WhiteElo "2076"]
[BlackElo "2528"]
[WhiteFideId "-1"]
[WhiteFideId "-1"]
[PlyCount "71"]
[GameId "2160767908325981"]
[EventDate "2017.10.06"]
[EventType "swiss"]
[EventRounds "5"]
[EventCountry "CAN"]

1. d4 Nf6 2. Nf3 c5 3. c3 Qc7 4. Bg5 Ne4 5. Bh4 d5 6. Nbd2 Nc6 7. e3 e6 8. Bd3 f5 9. Bg3 Bd6 10. Bxd6 Qxd6 11. Bb5 O-O 12. Bxc6 bxc6 13. Ne5 Rb8 14. f3 Nf6 15. Qc2 cxd4 16. exd4 c5 17. Nb3 cxd4 18. cxd4 Nd7 19. f4 Nxe5 20. fxe5 Qb4+ 21. Qc3 Qb5 22. O-O-O Bd7 23. Rd2 Rfc8 24. Nc5 Be8 25. h4 Bh5 26. Re1 Rc7 27. Rc2 Bg6 28. b3 a5 29. a4 Qb6 30. Kb2 Rc6 31. Rec1 Qd8 32. Qe1 h6 33. Rc3 Kh7 34. g3 f4 35. g4 Kh8 36. Rh3 1/2-1/2

[Event "Varennes int."]
[Site "Varennes CAN"]
[Date "2017.10.06"]
[Round "1.5"]
[White "Alvarez Pedraza, Aramis"]
[Black "Robichaud, Louis"]
[Result "1-0"]
[WhiteElo "2489"]
[BlackElo "2056"]
[WhiteFideId "-1"]
[WhiteFideId "-1"]
[PlyCount "71"]
[GameId "2160767908325982"]
[EventDate "2017.10.06"]
[EventType "swiss"]
[EventRounds "5"]
[EventCountry "CAN"]

1. d4 Nf6 2. Nf3 g6 3. Bf4 Bg7 4. e3 d6 5. Be2 O-O 6. O-O Nbd7 7. h3 Re8 8. c4 b6 9. Nc3 Bb7 10. d5 e5 11. Bg5 e4 12. Nd4 h6 13. Bh4 g5 14. Bg3 Ne5 15. Qc2 Qd7 16. Rad1 g4 17. hxg4 Nexg4 18. b4 a6 19. Bf4 Re7 20. c5 Nxd5 21. c6 Nxb4 22. cxd7 Nxc2 23. Nxc2 Ne5 24. Nd4 Rxd7 25. Nf5 Re8 26. Nd5 Re6 27. Nb4 b5 28. Nxg7 Kxg7 29. Nd5 f5 30. f3 c6 31. Nb6 Rd8 32. fxe4 fxe4 33. Bh5 Nd3 34. Bg3 Rf8 35. Rxf8 Kxf8 36. Rf1+ 1-0

[Event "Varennes int."]
[Site "Varennes CAN"]
[Date "2017.10.06"]
[Round "1.8"]
[White "Dukic, Zachary"]
[Black "Ruiz Sanchez, Orlen"]
[Result "0-1"]
[WhiteElo "2020"]
[BlackElo "2400"]
[WhiteFideId "-1"]
[WhiteFideId "-1"]
[PlyCount "114"]
[GameId "2160767908325984"]
[EventDate "2017.10.06"]
[EventType "swiss"]
[EventRounds "5"]
[EventCountry "CAN"]

1. e4 c5 2. Nf3 d6 3. d4 cxd4 4. Nxd4 Nf6 5. Nc3 a6 6. Bg5 Nc6 7. Qd2 e6 8. O-O-O Be7 9. f3 Nxd4 10. Qxd4 b5 11. h4 Bb7 12. Kb1 Rc8 13. g4 O-O 14. Qd2 Qc7 15. Bd3 b4 16. Ne2 d5 17. e5 Ne4 18. Qe1 Nc5 19. Bxe7 Nxd3 20. Rxd3 Qxe7 21. Nd4 a5 22. f4 Ba6 23. Rd2 a4 24. Qe3 a3 25. b3 Rc3 26. Qf2 Rfc8 27. g5 Qc5 28. h5 Re8 29. Rh4 Bc8 30. Rh2 Bd7 31. Rh4 Bc8 32. Rh2 Rf8 33. Rh1 Bd7 34. Rh2 Qe7 35. Qg1 Rfc8 36. Qf2 Qc5 37. Rh1 Rf8 38. Rh2 Qe7 39. Rh1 Rfc8 40. Rh2 Re8 41. Rh1 Rf8 42. Ne2 Rc7 43. Rh3 Kh8 44. Rg3 Bc8 45. Nd4 Bd7 46. Rd1 Rfc8 47. Rdd3 Rc5 48. Qd2 R5c7 49. Rh3 Kg8 50. Rdg3 Qc5 51. Rg2 Bb5 52. g6 Bf1 53. gxf7+ Rxf7 54. Nxe6 Qe7 55. Ng5 Bxg2 56. Rg3 Be4 57. Nxf7 Qxf7 0-1

[Event "Varennes int."]
[Site "Varennes CAN"]
[Date "2017.10.06"]
[Round "1.12"]
[White "Turcotte, Jonathan"]
[Black "Perez Rodriguez, Luis Manuel"]
[Result "0-1"]
[WhiteElo "1980"]
[BlackElo "2368"]
[WhiteFideId "-1"]
[WhiteFideId "-1"]
[PlyCount "68"]
[GameId "2160767908325986"]
[EventDate "2017.10.06"]
[EventType "swiss"]
[EventRounds "5"]
[EventCountry "CAN"]
[SourceTitle "hb 2017"]

1. d4 d5 2. c4 c6 3. Nf3 Nf6 4. Nc3 e6 5. Bg5 dxc4 6. e4 b5 7. e5 h6 8. Bh4 g5 9. Nxg5 hxg5 10. Bxg5 Nbd7 11. exf6 Bb7 12. g3 c5 13. d5 Nxf6 14. Bg2 Be7 15. O-O Nxd5 16. Bxd5 Bxd5 17. Bxe7 Kxe7 18. Qg4 b4 19. Nxd5+ Qxd5 20. Rfd1 Qh5 21. Qxh5 Rxh5 22. Rdc1 Rd8 23. Rxc4 Rd2 24. a3 a5 25. axb4 axb4 26. Ra5 Rf5 27. Raxc5 Rfxf2 28. Rxb4 Rg2+ 29. Kf1 Rxh2 30. Ke1 Rdg2 31. Rc7+ Kf8 32. Rc8+ Kg7 33. Rg4+ Kh7 34. Rf4 Rxb2 0-1

[Event "Varennes int."]
[Site "Varennes CAN"]
[Date "2017.10.06"]
[Round "1.15"]
[White "Morella Cabrera, Julio Antonio"]
[Black "Couture, Jonathan"]
[Result "1-0"]
[WhiteElo "2248"]
[BlackElo "1947"]
[WhiteFideId "-1"]
[WhiteFideId "-1"]
[PlyCount "97"]
[GameId "2160767908325988"]
[EventDate "2017.10.06"]
[EventType "swiss"]
[EventRounds "5"]
[EventCountry "CAN"]
[SourceTitle "hb 2017"]

1. e4 g6 2. d4 Bg7 3. Nc3 d6 4. Be3 a6 5. Qd2 b5 6. f3 Nd7 7. h4 h5 8. a4 b4 9. Nd5 c5 10. dxc5 dxc5 11. Bf4 Bh6 12. Nc7+ Qxc7 13. Bxc7 Bxd2+ 14. Kxd2 Ra7 15. Bg3 e5 16. a5 Ne7 17. c3 bxc3+ 18. bxc3 O-O 19. Bc4 Kg7 20. Nh3 f6 21. Kc2 Nb8 22. Nf2 Nd7 23. Rhd1 f5 24. Rd6 f4 25. Bh2 Rf6 26. Rad1 Rc7 27. Be6 Nf8 28. Bxc8 Nxc8 29. R6d5 c4 30. Rxe5 Ne6 31. Nh3 Rcf7 32. Ng5 Nxg5 33. hxg5 Rc6 34. Rd8 Nd6 35. Re6 Rc5 36. Rdxd6 Rxg5 37. Rd2 Rxa5 38. Rc6 Ra2+ 39. Kd1 Ra1+ 40. Ke2 Rh1 41. Kf2 Rxh2 42. Kg1 Rh4 43. Rdd6 Rb7 44. Rxg6+ Kf8 45. Rb6 Rd7 46. Rgd6 Rf7 47. Rd8+ Kg7 48. Rdb8 Kh7 49. R8b7 1-0

[Event "Varennes int."]
[Site "Varennes CAN"]
[Date "2017.10.06"]
[Round "1.16"]
[White "Marin, Sam"]
[Black "Hua, Eugene"]
[Result "1/2-1/2"]
[WhiteElo "1947"]
[BlackElo "2220"]
[WhiteFideId "-1"]
[WhiteFideId "-1"]
[PlyCount "74"]
[GameId "2160767908325989"]
[EventDate "2017.10.06"]
[EventType "swiss"]
[EventRounds "5"]
[EventCountry "CAN"]
[SourceTitle "hb 2017"]

1. c4 c5 2. Nc3 Nc6 3. g3 g6 4. Bg2 Bg7 5. a3 d6 6. Rb1 a5 7. e4 Nf6 8. Nge2 O-O 9. d4 cxd4 10. Nxd4 Nxd4 11. Qxd4 Be6 12. Qd3 Nd7 13. Nd5 Rc8 14. f4 Nc5 15. Qe2 Bd4 16. Qd1 Bg7 17. b3 a4 18. bxa4 Bxd5 19. cxd5 Bc3+ 20. Kf2 Qd7 21. Be3 Nxa4 22. Qb3 Nc5 23. Qb5 Qxb5 24. Rxb5 Ra8 25. Bxc5 dxc5 26. Rxb7 Rxa3 27. Bf3 Ra2+ 28. Be2 Bd4+ 29. Kf3 Rfa8 30. Rhb1 Kg7 31. R1b3 h5 32. Rxe7 c4 33. Rbb7 R8a3+ 34. Kg2 Rxe2+ 35. Kh3 g5 36. Rxf7+ Kg8 37. e5 Raa2 1/2-1/2

[Event "Varennes int."]
[Site "Varennes CAN"]
[Date "2017.10.06"]
[Round "1.17"]
[White "Gordon, David"]
[Black "Palsson, Halldor"]
[Result "1-0"]
[WhiteElo "2199"]
[BlackElo "1912"]
[WhiteFideId "-1"]
[WhiteFideId "-1"]
[PlyCount "73"]
[GameId "2160767908325990"]
[EventDate "2017.10.06"]
[EventType "swiss"]
[EventRounds "5"]
[EventCountry "CAN"]
[SourceTitle "hb 2017"]

1. d4 d5 2. Bf4 e6 3. e3 Nf6 4. Nd2 Bd6 5. Bg3 c5 6. c3 Nc6 7. Ngf3 O-O 8. Bd3 c4 9. Bc2 b5 10. e4 dxe4 11. Nxe4 Be7 12. a4 Qd5 13. Qe2 Bb7 14. Nxf6+ Bxf6 15. Be4 Qh5 16. axb5 Qxb5 17. O-O Ne7 18. Bc2 Rfc8 19. Ne5 Nf5 20. Bxf5 exf5 21. b4 Qd5 22. f3 a5 23. Ra4 axb4 24. Rxb4 Ba6 25. Rfb1 g6 26. Rb6 Bd8 27. Ng4 fxg4 28. Qe8+ Kg7 29. Be5+ f6 30. Rd6 Bb5 31. Rxb5 Ra1+ 32. Kf2 Ra2+ 33. Ke1 Ra1+ 34. Kd2 Ra2+ 35. Ke3 fxe5 36. Rd7+ Kh6 37. Qf8+ 1-0

[Event "Varennes int."]
[Site "Varennes CAN"]
[Date "2017.10.06"]
[Round "1.18"]
[White "Forget, Luc"]
[Black "Nicula, Marius"]
[Result "0-1"]
[WhiteElo "1912"]
[BlackElo "2190"]
[WhiteFideId "-1"]
[WhiteFideId "-1"]
[PlyCount "64"]
[GameId "2160767908325991"]
[EventDate "2017.10.06"]
[EventType "swiss"]
[EventRounds "5"]
[EventCountry "CAN"]
[SourceTitle "hb 2017"]

1. d4 e6 2. Nf3 f5 3. g3 Nf6 4. Bg2 d5 5. c4 c6 6. O-O Bd6 7. b3 O-O 8. Bb2 b6 9. Nbd2 Bb7 10. Qc2 Nbd7 11. Ne5 Rc8 12. Ndf3 Qe7 13. Nxd7 Nxd7 14. Ne5 Nxe5 15. dxe5 Ba3 16. e3 Bxb2 17. Qxb2 Rfd8 18. Rfd1 Rc7 19. Rac1 dxc4 20. Rxd8+ Qxd8 21. Rxc4 Qd1+ 22. Bf1 c5 23. Qe2 Qd5 24. e4 fxe4 25. Qe3 Qxe5 26. Rc1 Rd7 27. Bc4 Rd6 28. Re1 Rd4 29. f4 Qf5 30. Bf1 e5 31. fxe5 Qxe5 32. Bg2 h6 0-1

[Event "Varennes int."]
[Site "Varennes CAN"]
[Date "2017.10.06"]
[Round "1.19"]
[White "Beaulieu, Eric"]
[Black "Zheng, Richard"]
[Result "0-1"]
[WhiteElo "2186"]
[BlackElo "1895"]
[WhiteFideId "-1"]
[WhiteFideId "-1"]
[PlyCount "48"]
[GameId "2160767908325992"]
[EventDate "2017.10.06"]
[EventType "swiss"]
[EventRounds "5"]
[EventCountry "CAN"]
[SourceTitle "hb 2017"]

1. d4 f5 2. g3 d5 3. Bg2 Nf6 4. Nf3 e6 5. O-O Bd6 6. c4 c6 7. Bf4 Bxf4 8. gxf4 O-O 9. Nc3 Nbd7 10. Ne5 Ng4 11. Qd3 Ndf6 12. f3 Nxe5 13. fxe5 Nh5 14. f4 b6 15. cxd5 exd5 16. Qf3 g6 17. Nxd5 Bb7 18. Nc3 Qxd4+ 19. e3 Qb4 20. Qe2 Ng7 21. Rad1 Rad8 22. Rd2 Ba6 23. Bd5+ Rxd5 24. Nxd5 cxd5 0-1

[Event "Varennes int."]
[Site "Varennes CAN"]
[Date "2017.10.06"]
[Round "1.20"]
[White "Langlois-Remillard, Alexis"]
[Black "Cazelais, Marc"]
[Result "0-1"]
[WhiteElo "1891"]
[BlackElo "2174"]
[WhiteFideId "-1"]
[WhiteFideId "-1"]
[PlyCount "72"]
[GameId "2160767908325993"]
[EventDate "2017.10.06"]
[EventType "swiss"]
[EventRounds "5"]
[EventCountry "CAN"]
[SourceTitle "hb 2017"]

1. b3 e5 2. Bb2 Nc6 3. e3 Nf6 4. Bb5 d6 5. Nf3 Be7 6. d4 exd4 7. Nxd4 Bd7 8. Nxc6 bxc6 9. Bd3 c5 10. c4 Bc6 11. Nd2 Qd7 12. O-O h5 13. Qc2 Qg4 14. f3 Qh4 15. Rae1 Ng4 16. h3 Qg3 17. hxg4 hxg4 18. Be4 Rh1+ 19. Kxh1 Qh4+ 20. Kg1 g3 21. Bxc6+ Kd8 22. Qh7 Qxh7 23. Rf2 Qh2+ 24. Kf1 gxf2 25. Kxf2 Bh4+ 26. Ke2 Qxg2+ 27. Kd1 Bxe1 28. Kxe1 Rb8 29. Bc3 Ke7 30. Kd1 Rh8 31. Kc2 Rh2 32. Bd5 Qe2 33. e4 Qxf3 34. e5 Qf5+ 35. Kc1 dxe5 36. Be4 Qf4 0-1

[Event "Varennes int."]
[Site "Varennes CAN"]
[Date "2017.10.06"]
[Round "1.23"]
[White "Tomb, Maroun"]
[Black "Johnson-Constantin, Mathieu"]
[Result "1-0"]
[WhiteElo "2155"]
[BlackElo "1929"]
[WhiteFideId "-1"]
[WhiteFideId "-1"]
[PlyCount "63"]
[GameId "2160767908325996"]
[EventDate "2017.10.06"]
[EventType "swiss"]
[EventRounds "5"]
[EventCountry "CAN"]
[SourceTitle "hb 2017"]

1. e4 e6 2. d4 d5 3. Nd2 c5 4. exd5 Qxd5 5. Ngf3 cxd4 6. Bc4 Qh5 7. Nb3 Bd7 8. Nbxd4 Bc5 9. Nb3 Bb6 10. h3 Nf6 11. Bf4 Bc6 12. Qe2 O-O 13. O-O-O Bxf3 14. gxf3 Nc6 15. Rdg1 h6 16. Rg3 Kh8 17. Rhg1 Rg8 18. Kb1 Rad8 19. a3 a5 20. a4 Qf5 21. Bd2 Bc7 22. R3g2 Qxh3 23. Bc3 Bh2 24. Qe3 Bxg1 25. Rxg1 Qh4 26. Nc5 Nd5 27. Bxd5 exd5 28. Qc1 Kh7 29. Rh1 Qe7 30. Bxg7 Rd6 31. Bxh6 Kg6 32. Qg1+ 1-0

[Event "Varennes int."]
[Site "Varennes CAN"]
[Date "2017.10.06"]
[Round "1.24"]
[White "Saine, Zachary"]
[Black "Bannon, Eric"]
[Result "0-1"]
[WhiteElo "1812"]
[BlackElo "2154"]
[WhiteFideId "-1"]
[WhiteFideId "-1"]
[PlyCount "78"]
[GameId "2160767908325997"]
[EventDate "2017.10.06"]
[EventType "swiss"]
[EventRounds "5"]
[EventCountry "CAN"]
[SourceTitle "hb 2017"]

1. e4 c5 2. Nf3 e6 3. d4 cxd4 4. Nxd4 Nc6 5. Be3 Qc7 6. Bd3 Nf6 7. c3 d5 8. Nxc6 bxc6 9. Nd2 Bd6 10. h3 O-O 11. O-O Bh2+ 12. Kh1 Bf4 13. Qf3 Bxe3 14. Qxe3 Qb6 15. b4 Qxe3 16. fxe3 Rd8 17. Rfd1 Bb7 18. Nb3 dxe4 19. Bf1 Nd5 20. Nc5 Rdb8 21. c4 Nxe3 22. Rd7 a5 23. Rxb7 Rxb7 24. Nxb7 axb4 25. Nc5 f5 26. Nxe6 b3 27. a4 b2 28. Rb1 Rxa4 29. Rxb2 Ra1 30. Rb7 Nxf1 31. Rxg7+ Kh8 32. Rc7 h5 33. Kg1 e3 34. Rc8+ Kh7 35. Ng5+ Kg7 36. h4 Ng3+ 37. Kh2 f4 38. Rc7+ Kg6 39. Rxc6+ Kf5 0-1

[Event "Varennes int."]
[Site "Varennes CAN"]
[Date "2017.10.06"]
[Round "1.25"]
[White "Huang, Qiuyu"]
[Black "Qiao, Cindy"]
[Result "1-0"]
[WhiteElo "2153"]
[BlackElo "1779"]
[WhiteFideId "-1"]
[WhiteFideId "-1"]
[PlyCount "49"]
[GameId "2160767908325998"]
[EventDate "2017.10.06"]
[EventType "swiss"]
[EventRounds "5"]
[EventCountry "CAN"]
[SourceTitle "hb 2017"]

1. e4 c5 2. Nf3 d6 3. d4 cxd4 4. Nxd4 Nf6 5. Nc3 g6 6. Be3 Bg7 7. f3 Nc6 8. Qd2 O-O 9. Bc4 Bd7 10. O-O-O Rc8 11. Bb3 Ne5 12. Kb1 a5 13. a4 Nc4 14. Bxc4 Rxc4 15. b3 Rc8 16. g4 Qc7 17. Ncb5 Qd8 18. Nc3 Bc6 19. h4 h5 20. Rdg1 Kh7 21. gxh5 Nxh5 22. Qg2 Rh8 23. Ne6 Qg8 24. Ng5+ Kh6 25. Nxf7+ 1-0

[Event "Varennes int."]
[Site "Varennes CAN"]
[Date "2017.10.07"]
[Round "2"]
[White "Perez Garcia, Rodney Oscar"]
[Black "Bruzon Batista, Lazaro"]
[Result "1/2-1/2"]
[WhiteElo "2315"]
[BlackElo "2660"]
[WhiteFideId "-1"]
[WhiteFideId "-1"]
[PlyCount "55"]
[GameId "2160767908326004"]
[EventDate "2017.10.06"]
[EventType "swiss"]
[EventRounds "5"]
[EventCountry "CAN"]
[SourceTitle "CBM 181 Extra"]
[Source "ChessBase"]
[SourceDate "2017.12.12"]
[SourceVersion "1"]
[SourceVersionDate "2017.12.12"]
[SourceQuality "1"]

1. e4 c5 2. Nf3 e6 3. Nc3 a6 4. d4 cxd4 5. Nxd4 Nc6 6. Be2 d6 7. O-O Nf6 8. Be3 Be7 9. f4 O-O 10. Kh1 Bd7 11. Qe1 b5 12. a3 Qb8 13. Bd3 b4 14. Nxc6 Bxc6 15. axb4 Qxb4 16. e5 dxe5 17. fxe5 Nd7 18. Qg3 g6 19. Bh6 Rfb8 20. Rf4 Qb7 21. Re1 Nc5 22. Ref1 Nxd3 23. Rxf7 Ne1 24. Rg7+ Kh8 25. Rff7 Bxg2+ 26. Kg1 Bc5+ 27. Be3 Bxe3+ 28. Qxe3 1/2-1/2

[Event "Varennes int."]
[Site "Varennes CAN"]
[Date "2017.10.07"]
[Round "2.3"]
[White "Cazelais, Marc"]
[Black "Sambuev, Bator"]
[Result "0-1"]
[WhiteElo "2174"]
[BlackElo "2535"]
[WhiteFideId "-1"]
[WhiteFideId "-1"]
[PlyCount "66"]
[GameId "2160767908326006"]
[EventDate "2017.10.06"]
[EventType "swiss"]
[EventRounds "5"]
[EventCountry "CAN"]
[SourceTitle "hb 2017"]

1. e4 Nf6 2. e5 Nd5 3. Nc3 Nxc3 4. dxc3 d6 5. Bf4 Nc6 6. exd6 cxd6 7. Qd2 e5 8. Bg5 f6 9. Be3 Be6 10. c4 Rc8 11. Nf3 a6 12. Be2 Be7 13. O-O O-O 14. Rfd1 Qc7 15. b3 Rfd8 16. Qe1 h6 17. Qd2 g5 18. h4 Kg7 19. g3 d5 20. cxd5 Bxd5 21. Qc3 b5 22. Qb2 Qb7 23. Ne1 gxh4 24. gxh4 Kh8 25. Bxh6 Nd4 26. Rxd4 exd4 27. Qxd4 Be4 28. Qe3 Rg8+ 29. Kh2 Bd6+ 30. Bf4 Bc5 31. Qc3 Qg7 32. Qg3 Qh7 33. Qh3 Bxf2 0-1

[Event "Varennes int."]
[Site "Varennes CAN"]
[Date "2017.10.07"]
[Round "2.4"]
[White "Bannon, Eric"]
[Black "Alvarez Pedraza, Aramis"]
[Result "0-1"]
[WhiteElo "2154"]
[BlackElo "2489"]
[WhiteFideId "-1"]
[WhiteFideId "-1"]
[PlyCount "54"]
[GameId "2160767908326007"]
[EventDate "2017.10.06"]
[EventType "swiss"]
[EventRounds "5"]
[EventCountry "CAN"]
[SourceTitle "hb 2017"]

1. e4 c6 2. d4 d5 3. Nc3 dxe4 4. Nxe4 Bf5 5. Ng3 Bg6 6. h4 h6 7. Nf3 e6 8. h5 Bh7 9. Bd3 Bxd3 10. Qxd3 Nf6 11. Bf4 Qa5+ 12. Bd2 Bb4 13. Ne5 O-O 14. c3 Be7 15. Ne4 Nbd7 16. Nxf6+ Nxf6 17. Rh3 Qd5 18. O-O-O Qe4 19. Qxe4 Nxe4 20. Re1 Nxd2 21. Kxd2 Rad8 22. Rd3 Rfe8 23. Rf3 f6 24. Ng6 Bd6 25. Rfe3 Kf7 26. f4 c5 27. dxc5 Bxf4+ 0-1